Bezpečnost v Linuxu.
Uložené v:
| Hlavný autor: | |
|---|---|
| Médium: | Elektronický zdroj |
| Jazyk: | Slovak Czech |
| Vydané: |
2003
|
| Tagy: |
Pridať tag
Žiadne tagy, Buďte prvý kto otaguje tento záznam!
|
Titul je dostupný aj v ... 

MARC
| LEADER | 00000nmm a2200000 a 4500 | ||
|---|---|---|---|
| 001 | 000315321 | ||
| 005 | 00000000000000.0 | ||
| 008 | s2003 xo |||| slo#d | ||
| 041 | 0 | |a cze | |
| 100 | 1 | |a Toxen, B. |4 aut | |
| 245 | |a Bezpečnost v Linuxu. |h elektronický zdroj | ||
| 260 | |c 2003 | ||
| 500 | |a Záznam neprešiel kontrolou | ||
| 910 | |a svkkk | ||
| 998 | |a ER | ||
| 090 | |g SCKHL |k Konzultanti |a CDK.1293 |i 2720407382 |s Prezenčne CD, DVD | ||
| 090 | |g SCKHL |k Konzultanti |a CDK.1294 |i 2720407383 |s Prezenčne CD, DVD | ||